000 00264nam a22001217a 4500
003 OSt
008 231013b |||||||| |||| 00| 0 eng d
041 _amal
082 _a894.8122
_bTHa/KA
100 _aThalappil, N N
_95525
245 _aKallum Karayum
942 _cBK
999 _c17744
_d17744